Films de Mathieu Kassovitz par images - Statistiques

Statistiques générales
  • Ce quiz a été pris 297 fois
  • Le résultat moyen est 2 sur 7
Statistiques - réponses
Par images Réponse % Correct
La Haine
100%
Les Rivières pourpres
39%
Babylon A.D.
13%
Assassin(s)
10%
Gothika
10%
Métisse
10%
L'Ordre et la Morale
7%
Aucun quiz correspondant
Distribution des résultats
% des personnes avec chaque résultat
Percentile par nombre de réponses
Votre historique - résultats
Vous n’avez pas pris ce quiz